00716 2200265 4500001002100000005001500021035002000036007000300056008004100059020002200100082001200122084001800134100002900152245005100181250001100232300003300243500002100276650001000297264004500307336002100352337003000373338002300403990001200426990001200438INLIS00000000000043820250729083203 a0010-0725000010ta250729 1 ind  a978-602-05-3132-8 a899.221 a899.221 BRI s0 aBrian KhrisnaePengarang1 aSeporsi Mie Ayam Sebelum Mati /cBrian Khrisna acet 37 a210 halaman :bilus ;c20 cm aMega Best Seller 4aNovel aJakarta :bGramedia Pustaka Utama,c2025 2rdacontentateks 2rdamediaatanpa perantara 2rdacarrieravolume a25.0365 a25.0366